000 01413nam a2200349Ia 4500
001 ebr10373588
003 CaPaEBR
006 m u
007 cr cn|||||||||
008 091208s2010 nyu sb 001 0 eng d
010 _z 2009051311
020 _z9783110220346 (hardcover : alk. paper)
040 _aCaPaEBR
_cCaPaEBR
035 _a(OCoLC)647896826
050 1 4 _aPE179
_b.M46 2010eb
100 1 _aMengden, Ferdinand von.
245 1 0 _aCardinal numerals
_h[electronic resource] :
_bOld English from a cross-linguistic perspective /
_cby Ferdinand von Mengden.
260 _aNew York, NY :
_bMouton de Gruyter,
_c2010.
300 _axiii, 329 p.
490 1 _aTopics in English linguistics ;
_v67
504 _aIncludes bibliographical references and index.
533 _aElectronic reproduction.
_bPalo Alto, Calif. :
_cebrary,
_d2011.
_nAvailable via World Wide Web.
_nAccess may be limited to ebrary affiliated libraries.
650 0 _aEnglish language
_yOld English, ca. 450-1100
_xNumerals.
650 0 _aCardinal numbers.
650 0 _aNumeration.
650 0 _aComparative linguistics.
650 0 _aHistorical linguistics.
655 7 _aElectronic books.
_2local
710 2 _aebrary, Inc.
830 0 _aTopics in English linguistics ;
_v67.
856 4 0 _uhttp://site.ebrary.com/lib/rucke/Doc?id=10373588
_zAn electronic book accessible through the World Wide Web; click to view
999 _c99625
_d99625